Tài liệu học tập và ôn thi lịch sử văn minh thế giới

Tallennettuna:
Bibliografiset tiedot
Päätekijä: Ngô Minh Oanh...[et al.]
Aineistotyyppi: Kirja
Kieli:Undetermined
Julkaistu: Hà Nội Giáo Dục 1999
Aiheet:
Tagit: Lisää tagi
Ei tageja, Lisää ensimmäinen tagi!
Thư viện lưu trữ: Trung tâm Học liệu Trường Đại học Cần Thơ
LEADER 00575nam a2200193Ia 4500
001 CTU_39952
008 210402s9999 xx 000 0 und d
020 |b 10.000đ 
082 |a 909 
082 |b T103 
100 |a Ngô Minh Oanh...[et al.] 
245 0 |a Tài liệu học tập và ôn thi lịch sử văn minh thế giới 
245 0 |c Ngô Minh Oanh...[et al.] 
260 |a Hà Nội 
260 |b Giáo Dục 
260 |c 1999 
650 |a world history 
904 |i Minh, 001214 
980 |a Trung tâm Học liệu Trường Đại học Cần Thơ